Harry Potter Zitate: Sudden Death - Statistiken

Allgemein
  • Dieses Quiz wurde 1.292 mal gespielt
  • Das Durchschnittsergebnis liegt bei 3 aus 8
Answers on the Grid
Answers color-coded by a green-red scale on the quiz's grid according to % correct below.
„Aber glaubt mir, dass man Glück und Zuversicht selbst in Zeiten der Dunkelheit zu finden vermag. Man darf nur nicht vergessen, ein Licht
leuchten zu lassen."
„Ich will nicht sagen weinet nicht, denn nicht alle Tränen sind von Übel.“
„Wenn du es dir vorstellen kannst, kannst du es auch tun.“
„Tue es oder tue es nicht. Es gibt kein
versuchen.“
„Wenn du wissen willst, wie ein Mensch ist, dann sieh dir genau an wie er seine Untergebenen behandelt, nicht die
Gleichrangigen.“
„Ich bin
Schlafwandlerin. Deswegen gehe ich
auch mit Schuhen
ins Bett.“
„Wir müssen nur entscheiden, was wir mit der Zeit anfangen, die uns gegeben ist.“
„Ein Zauberer kommt nie zu spät. Ebenso wenig zu früh. Er trifft genau dann ein, wenn er es beabsichtigt.“
„Viel mehr als unsere Fähigkeiten sind es unsere Entscheidungen, die zeigen,
wer wir wirklich sind.“
„Es sind die Dinge, die uns am meisten bedeuten, die uns zerstören.“
„Wenn wir wegen dir draufgehen, bring ich dich um!“
„Haarig und verrückt? Ihr sprecht doch wohl
nicht von mir, oder?“
„Den Tod als Gewissheit. Geringe Aussicht auf Erfolg. Worauf warten wir noch?“
„Immer“
„Das Problem ist nicht das Problem. Das Problem ist deine
Einstellung zu dem Problem. “
„Den Spinnen folgen… Wieso müssen es unbedingt Spinnen sein? Wieso können wir nicht den Schmetterlingen folgen?“
 
Antwortstatistiken
Antwort % Korrekt
„Aber glaubt mir, dass man Glück und Zuversicht selbst in Zeiten der Dunkelheit zu finden vermag. Man darf nur nicht vergessen, ein Licht
leuchten zu lassen."
67%
„Ich bin
Schlafwandlerin. Deswegen gehe ich
auch mit Schuhen
ins Bett.“
54%
„Den Spinnen folgen… Wieso müssen es unbedingt Spinnen sein? Wieso können wir nicht den Schmetterlingen folgen?“
47%
„Immer“
40%
„Wenn wir wegen dir draufgehen, bring ich dich um!“
39%
„Haarig und verrückt? Ihr sprecht doch wohl
nicht von mir, oder?“
38%
„Viel mehr als unsere Fähigkeiten sind es unsere Entscheidungen, die zeigen,
wer wir wirklich sind.“
37%
„Wenn du wissen willst, wie ein Mensch ist, dann sieh dir genau an wie er seine Untergebenen behandelt, nicht die
Gleichrangigen.“
24%
Keine übereinstimmenden Quizze gefunden
Verteilung der Resultate
Anzahl Personen mit jedem Resultat
Perzentil nach korrekt beantworteten Fragen
Ihre Resultats-Entwicklung
Sie haben dieses Quiz noch nicht gespielt